000 004080000a22001690004500
003 MACL
005 20151230121638.0
008 151230b xxu||||| |||| 00| 0 eng d
040 _aMACL
_cMACL
041 _aEnglish
082 _a192.9/VEI
100 _aVeitch, John
_924684
245 _aHamilton
260 _bWilliam Blackwood & Sons
_c1882
650 _aPhilosophy
_924686
942 _cBK
_k192.9/VEI
_2ddc
999 _c38483
_d38483